| 000 | 00668 a2200157 4500 | ||
|---|---|---|---|
| 005 | 20190911105002.0 | ||
| 008 | 190613b1958 sp ||||| |||| 00| 0 spa d | ||
| 040 |
_aCO-BoUCM _bspa _cOscar Ávila (modificó) _dOscar Ávila (modificó) |
||
| 041 | 0 | _aspa | |
| 100 | 1 | 0 |
_aSantamaría Pastor, Juan Alfonso _982058 |
| 245 | 1 | 0 |
_aSobre la génesis del derecho administrativo español en el siglo XIX (1812-1845) _cJuan Alfonso Santamaría Pastor |
| 260 |
_bInstituto García Oviedo Universidad de Sevilla _c1958 _aSevilla _g1958 |
||
| 650 | 7 |
_aDerecho administrativo _zEspaña _959076 |
|
| 942 |
_cLIBRO _2DEWEY _a8 _e1 _h342.46 _mS232s |
||
| 999 |
_c313366 _d313366 |
||